000 00368nam a22001577a 4500
003 MPLRDC
005 20220104113725.0
008 210129b ||||| |||| 00| 0 eng d
082 _a848.1 XDS-2
100 _a许地山著
245 _a许地山选集
_c
260 _a
_b中流出版社
_c1976
300 _b
650 _a现代别集
942 _cBK
_o848.1 XDS-2
999 _c1843
_d1833